Subdivisions of the Mamluk Sultanate of Egypt in 1352 with a Map - Statistics

General Stats
  • This quiz has been taken 849 times
  • The average score is 8 of 42
Answers on the Map
Answers color-coded by a green-red scale on the quiz's map according to % correct below.
 
Answer Stats
Subdivisions % Correct
Cairo
93%
Alexandria
91%
Mecca
77%
Medina
74%
Damascus
70%
Aleppo
64%
Tripoli
49%
Giza
44%
Barqa
42%
Damietta
31%
Faiyum
23%
Asyut
19%
Hama
19%
Dulkadir
13%
Ramazan
13%
Makuria
11%
Al-Karak
8%
Al-Fadl
7%
Gharbia
6%
Kharga
6%
Sharqia
6%
Banu Mahdi
5%
Suakin
5%
Bahnasa
4%
Beheira
4%
Dakahlia
4%
Dakhla
4%
Kilis
4%
Monufia
4%
Qalyubiyya
4%
Safed
4%
Akhmim
3%
Atfih
3%
Banu Kanz
3%
El Bahnasa
3%
El Quseyya
3%
Al-Nastraweya
2%
Banu Uqba
2%
El Ashmunein
2%
Fouh and Al-Muzahimtain
2%
Gazirat Banu Nasr
2%
Manfalut
2%
No matching quizzes found
Score Distribution
Percent of People with Each Score
Percentile by Number Answered
Your Score History
You have not taken this quiz